| 000 | 00865cam a22002894a 4500 | ||
|---|---|---|---|
| 001 | 15391653 | ||
| 005 | 20180112044205.0 | ||
| 008 | 080731s2009 enka 001 0 eng | ||
| 010 | _a 2008034011 | ||
| 015 |
_aGBA8D7169 _2bnb |
||
| 016 | 7 |
_a101480340 _2DNLM |
|
| 016 | 7 |
_a014845573 _2Uk |
|
| 020 | _a9780815341468 | ||
| 020 | _a0815341466 | ||
| 035 | _a(OCoLC)ocn240989634 | ||
| 040 |
_aDNLM/DLC _cDLC _dNLM _dBTCTA _dYDXCP _dUKM _dC#P _dBWX _dCDX _dAGL _dDLC |
||
| 041 | _aeng | ||
| 042 | _apcc | ||
| 080 | _a575 | ||
| 082 | _2575 PAR | ||
| 100 | 1 | _a9 | |
| 101 | _aIMU | ||
| 245 | 1 | 4 |
_aThe immune system / _cPeter Parham. |
| 906 |
_a7 _bcbc _corignew _d1 _eecip _f20 _gy-gencatlg |
||
| 942 |
_2ddc _cBK |
||
| 999 |
_c40187 _d40187 |
||